Countries Bordering Turkey (Maritime Borders) - Statistics

General Stats
  • This quiz has been taken 164 times
  • The average score is 7 of 8
Answer Stats
Country % Correct
Greece
99%
Syria
93%
Bulgaria
92%
Russia
91%
Georgia
89%
Cyprus
87%
Ukraine
85%
Romania
81%
No matching quizzes found
Score Distribution
Percent of People with Each Score
Percentile by Number Answered
Your Score History
You have not taken this quiz